000 00660cab a2200229 4500
001 WB3309-56
008 090401t1997 xxu||||| |||| 00| 0 eng d
035 _a(Sirsi) u60027
041 _aeng
245 _aLandslide hazrad
260 _c1997
350 _a0
490 _aFarmers' Weekly
_v126(8) 21 February 1997, 20(1)
520 _aLandowners are turning to the HSE for help in their battle to get a growing rabbit menace cleared from railway embankments.
650 _aCLA
650 _aCOUNTRY LANDOWNERS ASSOCIATION
650 _aRABBITS
650 _aRAILWAY EMBANKMENTS
690 _aRURAL PRACTICE
942 _n0
948 _c04/03/1997
999 _c36956
_d36956